Lndscape Record (Record no. 8207)
[ view plain ]
| 000 -LEADER | |
|---|---|
| fixed length control field | 00256nam a22001097a 4500 |
| 003 - CONTROL NUMBER IDENTIFIER | |
| control field | OSt |
| 005 - DATE AND TIME OF LATEST TRANSACTION | |
| control field | 20200812161405.0 |
| 008 - FIXED-LENGTH DATA ELEMENTS--GENERAL INFORMATION | |
| fixed length control field | 200812b ||||| |||| 00| 0 eng d |
| 020 ## - INTERNATIONAL STANDARD BOOK NUMBER | |
| International Standard Book Number | 9789881296603 |
| 245 ## - TITLE STATEMENT | |
| Title | Lndscape Record |
| Remainder of title | sustainable landscape |
| 942 ## - ADDED ENTRY ELEMENTS (KOHA) | |
| Source of classification or shelving scheme | |
| Withdrawn status | Lost status | Source of classification or shelving scheme | Damaged status | Koha normalized classification for sorting | Not for loan | Permanent location | Current location | Date acquired | Full call number | Barcode | Date last seen | Price effective from | Koha item type |
|---|---|---|---|---|---|---|---|---|---|---|---|---|---|
| 712_000000000000000 | BMS College of Architecture, Design and Planning | BMS College of Architecture, Design and Planning | 2020-08-12 | 712 | AR-UG1580 | 2020-08-12 | 2020-08-12 | UG Books |